000 00357nam a22001577a 4500
003 MPLRDC
005 20220104143551.0
008 210129b ||||| |||| 00| 0 eng d
082 _a857.45 GQ c.2
100 _a不详
245 _a西施
_c
260 _a
_b港青出版社
_c1986
300 _b
650 _a历史小说
942 _cBK
_o857.45 GQ c.2
999 _c41165
_d41155